Electronic Projects Vol. 13 (Record no. 7181)

MARC details
000 -LEADER
fixed length control field 00351nam a2200145Ia 4500
008 - FIXED-LENGTH DATA ELEMENTS--GENERAL INFORMATION
fixed length control field 221030s9999 xx 000 0 und d
041 ## - LANGUAGE CODE
Language code of text/sound track or separate title
082 ## - DEWEY DECIMAL CLASSIFICATION NUMBER
Classification number 105.23
Item number EFY
100 ## - MAIN ENTRY--AUTHOR NAME
Personal name An Efy Enterprises
245 #0 - TITLE STATEMENT
Title Electronic Projects Vol. 13
260 ## - PUBLICATION, DISTRIBUTION, ETC. (IMPRINT)
Name of publisher EFY Enterprises Pvt. Ltd.
Place of publication India
Year of publication 1999
300 ## - PHYSICAL DESCRIPTION
Number of Pages 166
650 ## - SUBJECT ADDED ENTRY--TOPICAL TERM
Topical Term ECE
942 ## - ADDED ENTRY ELEMENTS (KOHA)
Koha item type Books
Holdings
Accession Number Cost, normal purchase price Serial Enumeration / chronology Full call number Price effective from Koha item type Withdrawn / writtenoff status Materials specified (bound volume or other part) Damaged status Not for loan Permanent Location Current Location Shelving location Date acquired Lost/ Missing status department
BE 3351 95.00 13 105.23 EFY 10/30/2022 Books   Print   Not For Loan MIET Library, Jammu MIET Library, Jammu BL-Second, FL-1, CUP-75, SH-1, R-1 03/27/2001   BE